Grama, El Maresme : dues revistes heroiques / Eugeni Madueño, Joan Catà dues revistes heroiques / Eugeni Madueño, Joan Catà
Publicado:
Barcelona :
Diputació de Barcelona : Col·legi de Periodistes de Catalunya ; Sta. Coloma de Gramenet : Ajuntament, DL 1988
Descripción Física:
117 p. : il. ; 24 cm
Colección:
Vaixells de paper ; 3
Otros Autores:
Catà, Joan
MARC
| LEADER | 00000nam a2200000Ia 4500 | ||
|---|---|---|---|
| 001 | 8910 | ||
| 008 | 160829s9999 xx 000 0 cat d | ||
| 080 | |a O-1-25 | ||
| 100 | |a Madueño, Eugeni |9 32240 | ||
| 245 | |a Grama, El Maresme : |b dues revistes heroiques / Eugeni Madueño, Joan Catà | ||
| 260 | |a Barcelona : |b Diputació de Barcelona : |b Col·legi de Periodistes de Catalunya ; Sta. Coloma de Gramenet : |b Ajuntament, DL 1988 | ||
| 300 | |a 117 p. : |b il. ; |c 24 cm | ||
| 490 | |a Vaixells de paper ; 3 | ||
| 650 | |a Grama (Revista) |9 42633 | ||
| 650 | |a El Maresme (Revista) |9 32242 | ||
| 650 | |a Revistes catalanes |9 32243 | ||
| 700 | |a Catà, Joan |9 32244 | ||
| 710 | 2 | |a Col·legi de Periodistes de Catalunya |9 52967 | |
| 710 | 1 | |a Barcelona (Catalunya : Província). |b Diputació |9 52408 | |
| 901 | |a Arxiu | ||
| 942 | |n 1 | ||
| 952 | |0 0 |1 0 |4 0 |6 O125 |7 1 |9 45917 |a Arxiu |b Arxiu |d 2016-12-01 |l 0 |o O-1-25 |p 8910 |r 2016-12-01 00:00:00 |w 2016-12-01 |y ARXIU | ||
| 999 | |c 49418 |d 49418 | ||